Spirou de A à Z - BD - Statistiques

Statistiques générales
  • Ce quiz a été pris 90 fois
  • Le résultat moyen est 17 sur 26
Statistiques - réponses
Indices Réponses % Correct
Un animal hors du commun, avec une queue à ressorts (titre) M Marsupilami
98%
Personnage gaffeur qui apparaît ici pour la première fois G Gaston Lagaffe
97%
Animal de compagnie de Spirou E Écureuil
95%
Auteur le plus connu F André Franquin
94%
Nom du Comte et du village (titre) C Champignac
94%
Scientifique peu scrupuleux et mégalomane (titre) Z Zorglub
94%
Editeur de la série D Dupuis
92%
Langue belge dans laquelle "spirou" signifie "écureuil" W Wallon
86%
Les histoires y paraissaient d'abord par épisodes J Journal de Spirou
85%
Le pays d'Amérique latine dont est originaire l'animal du M P Palombie
83%
Spirou en Zorglangue U uoripS
83%
Une journaliste intelligente et chanceuse, jalousée par Fantasio S Seccotine
74%
Fantasio et Zantafio sont ceux de leur oncle Tanzafio (titre) H Héritiers
71%
Symbole breton de la mort (titre) A Ankou
68%
Jeune fille de mafieux trop séduisante (titre) : .... Fatale L Luna
65%
L'arme invincible du personnage en Z est la zorgl.... O onde
64%
Prénom du mafieux de New-york Don Cortizone V Vito
64%
Un autre auteur moins connu de quelques albums Y Yann Yoann
53%
Un signal radio défectueux au Bretzelbourg (titre) Q QRN
50%
Une voiture de course aux propriétés imbattables T Turbotraction
44%
Le produit du Comte qui rend très fort X X1
42%
C'est un tyran (titre) K Kodo le Tyran
41%
Un prénom pour un robot sensible (titre) R Radar
27%
Trois singes acrobates B Brothers
24%
Un illusionniste nippon I Itoh Kata
23%
Un artiste de cirque capable de dresser n'importe quels animaux N Noé
23%
Aucun quiz correspondant
Distribution des résultats
% des personnes avec chaque résultat
Percentile par nombre de réponses
Votre historique - résultats
Vous n’avez pas pris ce quiz